Kagurabachi - Hishaku Members by Picture - Statistics

General Stats
  • This quiz has been taken 17 times
  • The average score is 5 of 8
Answer Stats
Picture Answer % Correct
Yura
100%
Hiruhiko
83%
Hokuto
83%
Toto
58%
Kuguri
42%
Bingo
33%
Uran
33%
Yukisada
25%
No matching quizzes found
Score Distribution
Percent of People with Each Score
Percentile by Number Answered
Your Score History
You have not taken this quiz